00696nam a2200205Ia 4500999001500000020001800015082001900033100002000052245007500072260005000147300001100197504003600208650002700244650002600271650001400297700002300311700002300334942000700357952012600364 c5125d5125 a0-472-09877-2 a330.0922 COL-C aColander, David 0aChanging face of economics: conversations with cutting edge economists aAnn ArborbUniversity of Michigan Pressc2004 ax, 358 aincludes bibliography and index aEconomistsvInterviews aEconomistsvBiography aEconomics aRosser, J.Barkley aHolt, Richard P.F. cBK 00104070aNASSDOCbNASSDOCd2006-06-23eSEGMi2006-06-20l0o330.0922 COL-Cp41885r2019-04-18 00:00:00w2019-04-18yBK